|
|
|
|
| LEADER |
00000nas a2200000 a 4500 |
| 001 |
ssj0004980 |
| 003 |
WaSeSS |
| 005 |
20200512172242.0 |
| 006 |
m d |
| 007 |
cr n |
| 008 |
971114c19989999mdufr pss 0 a0eng c |
| 010 |
|
|
|a sn 97004877
|
| 022 |
|
|
|a 1096-8598
|l 1096-8598
|y 1097-2129
|
| 035 |
|
|
|a (WaSeSS)ssj0004980
|
| 037 |
|
|
|b The Johns Hopkins University Press - Journals Division, 2715 North Charles Street, Baltimore, MD 21218-4319
|
| 040 |
|
|
|a NSD
|b eng
|c NSD
|d OCL
|d GUA
|d OCL
|d NSD
|d OCLCQ
|d MUQ
|d OCLCQ
|d OCLCO
|d OCLCQ
|d OCLCF
|d OCLCQ
|d GILDS
|d VT2
|d OCLCO
|d WaSeSS
|
| 042 |
|
|
|a nsdp
|a pcc
|
| 050 |
|
4 |
|a E184.O6
|
| 082 |
1 |
0 |
|a 973
|2 13
|
| 130 |
0 |
|
|a Journal of Asian American studies (Online)
|
| 210 |
0 |
|
|a J. Asian Am. stud.
|b (Online)
|
| 222 |
|
0 |
|a Journal of Asian American studies
|b (Online)
|
| 245 |
1 |
0 |
|a Journal of Asian American studies
|h [electronic resource].
|
| 246 |
3 |
0 |
|a Asian American studies
|
| 260 |
|
|
|a Baltimore, MD :
|b Johns Hopkins University Press,
|c ©1998-
|
| 310 |
|
|
|a Three no. a year
|
| 362 |
1 |
|
|a Print began with vol. 1, no. 1 (Feb. 1998).
|
| 500 |
|
|
|a Title from journal information screen (viewed July 13, 1998).
|
| 506 |
|
|
|a License restrictions may limit access.
|
| 538 |
|
|
|a Mode of access: World Wide Web.
|
| 550 |
|
|
|a Issued by the Association of Asian American Studies.
|
| 650 |
|
0 |
|a Asian Americans
|v Periodicals.
|
| 650 |
|
6 |
|a Américains d'origine asiatique
|v Périodiques.
|
| 650 |
|
7 |
|a Asian Americans.
|2 fast
|0 (OCoLC)fst00818620
|
| 655 |
|
0 |
|a Electronic journals.
|
| 710 |
2 |
|
|a Association for Asian American Studies.
|
| 776 |
1 |
|
|t Journal of Asian American studies
|x 1097-2129
|w (DLC) 98657680
|w (OCoLC)38057020
|
| 856 |
4 |
0 |
|z Full text available from Research Library: 06/01/2002 to 1 year ago
|u https://search.proquest.com/publication/27336
|